Statistiques concernant Légendes du football#2

Cliquez ici pour prendre le quiz!

Statistiques générales

  • Ce quiz a été pris 1 405 fois
  • Le résultat moyen est 9 sur 20

Statistiques - réponses

IndicesNom% Correct
Ce joueur avait pour habitude d'empiler les buts sous les couleurs du Milan AC. Cet Ukrainien fut Ballon d'or en 2004, et meilleur buteur de l'histoire de son paysAndrei Shevchenko
77%
Ballon d'or 2000, ce joueur de grande classe, avec une vision du jeu et une technique exceptionnelles, marqua chaque club où il est passé (cependant, il passa d'icône à ennemi juré à Barcelone après son transfert au Real Madrid)Luis Figo
72%
Ce brésilien est considéré, à juste titre, comme un des footballeurs les plus doués techniquement de tous les temps. Icône du Barça, il incarne à lui seul la doctrine footballistique du "joga bonito", un jeu tourné vers l'avant et mettant en avant les capacités techniques des joueursRonaldinho
72%
Joueur espagnol le plus titré de l'histoire, ce milieu était un formidable créateur de jeu au FC Barcelone dans les années 2000 et 2010. Son association à Xavi Hernandez faisait des merveillesAndrés Iniesta
71%
Légende du Milan AC des années 2000, ce joueur est le digne successeur des grands défenseurs centraux italiens. Doté d'une excellente vision de jeu, il remporta la coupe du monde en 2006Alessandro Nesta
70%
Cet ancien attaquant du Real Madrid fit partie de l'équipe des "Galactiques". Ce légendaire numéro 7, joueur le plus capé de l'histoire des Merengues, aligna les records de buts qui ne furent battus par nul autre que Cristiano RonaldoRaul
64%
Ce joueur a eu droit à sa statue devant l'Estadio da Luz. Il inscrivit le nombre colossal de 473 buts en 440 matchs avec le Benfica. Surnommé "la panthère noire", il brilla également avec la sélection portugaise, atteignant les demi-finales de la coupe du monde 1966Eusebio
63%
Tout simplement un des meilleurs défenseurs de l'histoire. Il a tout gagné avec l'Allemagne et le Bayern Munich. Surnommé "le Kaiser", ce joueur joua pendant une heure avec une clavicule cassée lors du même "match du siècle" de 1970Franz Beckenbauer
62%
Joueur agressif, de la même trempe qu'Eric Cantona, cet Irlandais fut un taulier de Manchester United pendant 12 ans. Joueur infatigable, doté d'une rage de vaincre sans égale, son tempérament lui valait parfois de commettre des actes très graves Roy Keane
61%
Champion du monde 1998, ce joueur est une légende du Bayern Munich et des Girondins de Bordeaux. Ce latéral était d'un grand soutien à son équipe de par ses apports offensifsBixente Lizarazu
56%
Autre grand attaquant d'Europe de l'est, ce joueur fut une arme redoutable du FC Barcelone dans les années 1990. Ballon d'or 1994, ce joueur avait néanmoins du mal à garder ses nerfsHristo Stoichkov
48%
Légende du football algérien, ce joueur porta les couleurs du FC Porto, avec lesquelles il remporta la ligue des champions 1987. Lors de la finale, il marqua un but qui restera dans l'histoire du football, d'une talonnade dos au but, un geste qui porte désormais son nomRabah Madjer
45%
Milieu défensif, ce joueur fit partie du trio néerlandais qui permit au Milan AC d'Arigo Sacchi de régner sur le monde du football à la fin des années 1980 et au début des années 1990. Ce travailleur de l'ombre remporta l'Euro 1988 avec ses deux compèresFrank Rijkaard
34%
Ce joueur fit partie du "carré magique" de l'ère Platini. Ce milieu défensif fut une légende des Girondins de Bordeaux, et remporta l'Euro de 1984 en offrant à Platini le seul but de la demi-finaleJean Tigana
29%
Cet Italien fut un pilier de l'attaque azzuri durant les années 1960-1970. Il est le meilleur buteur de tous les temps de la sélection italienne. Il marqua lors du "match du siècle" entre son pays et l'Allemagne, en demi-finale du mondial 1970Luigi Riva
25%
Légende du Botafogo, cet attaquant brésilien remporta la coupe du monde 1970. Durant cette même coupe du monde, il réussit l'exploit de marquer à chaque matchJairzinho
20%
Autre légende du Bayern, ce joueur prit la relève de Gerd Müller et remporta les ligues des champions 1975 et 1976. Ce joueur, Ballon d'or 1981 et 1982, était un cadre de la Mannschaft Karl-Heinz Rummenigge
18%
Ce défenseur est le seul argentin à avoir gagné deux coupes du monde. Il servit notamment à River Plate et à la Fiorentina, et avait également le sens du but (180 buts en 550 matchs)Daniel Passarella
7%
Deux fois finaliste de la coupe du monde, ce défenseur néerlandais était un pilier de l'Ajax des années 1970, qui remporta 3 ligues des champions en 4 ans et qui inventa le football totalRuud Krol
4%
5 fois meilleur buteur de Serie A en 8 ans, ce suédois était la terreur des défenses durant les années 1950. Associé à deux autres suédois en attaque, il combinait une grande force physique et une technique exceptionnellesGunnar Nordahl
2%

Distribution des résultats

Percentile par nombre de réponses

% des personnes avec chaque résultat

Votre développement - résultats

Vous n’avez pas pris ce quiz